Countries with the Most Nuclear Reactors - Statistics

General Stats
  • This quiz has been taken 65 times
  • The average score is 11 of 15
Answer Stats
# of Reactors Country % Correct
93 United States
100%
12 United Kingdom
98%
37 Russia
97%
54 China
94%
56 France
92%
19 India
87%
33 Japan
85%
19 Canada
84%
15 Ukraine
81%
25 South Korea
79%
7 Spain
68%
6 Pakistan
63%
6 Sweden
48%
7 Belgium
44%
6 Czech Republic
23%
No matching quizzes found
Score Distribution
Percent of People with Each Score
Percentile by Number Answered
Your Score History
You have not taken this quiz